| 000 | 00898nam a2200193Ia 4500 | ||
|---|---|---|---|
| 008 | 151121s9999||||xx |||||||||||||| ||und|| | ||
| 082 | _a810।9/सरदा | ||
| 082 | _bHNW-31124 | ||
| 100 | _aसरदार गंगाधर बाळकृष्ण | ||
| 245 | _aअर्वाचीन मराठी गद्याची पूर्वपीठिका | ||
| 260 | _b"मॉडर्न बुक डेपो प्रकाशन, पुणे" | ||
| 260 | _c-- | ||
| 300 | _a251 | ||
| 600 | _aसरदार गंगाधर बाळकृष्ण | ||
| 630 | _aअर्वाचीन मराठी गद्याची पूर्वपीठिका | ||
| 700 | _aसरदार गंगाधर बाळकृष्ण | ||
| 730 | _aअर्वाचीन मराठी गद्याची पूर्वपीठिका | ||
| 942 | _cBOOK | ||
| 999 |
_c1225228 _d1225225 |
||